Statistiques concernant Japonais sa mère

Cliquez ici pour prendre le quiz!

Statistiques générales

  • Ce quiz a été pris 57 fois
  • Le résultat moyen est 20 sur 79

Statistiques - réponses

GrammaireTraduction% Correct
[qqch]... [endroit]...wa
77%
Thème de la phrasewa
77%
monsieur madamesan
69%
je, moiwatashi
69%
affirmationdesu
62%
[qqch]... [endroit]...desu
62%
lie 2 nomsno
62%
préfixe pour le respecto
58%
que, quoinan
54%
étudiantgakusei
50%
icikoko
50%
ce, ceci (proche de moi)kore
50%
(cet objet) là basano
46%
questiondesuka
46%
ce, cela (proche de lui)sore
46%
vous (singulier)anata
42%
ce, cela (loin de nous)are
38%
ce, cettekono
38%
... an(s)sai
38%
soko
38%
quidare
35%
yenén
35%
livrehon
35%
(cette personne) làsono
35%
toilettestoire
35%
payskuni
31%
combienikura
27%
sackaban
27%
parapluiekasa
27%
vinwain
27%
là basasoko
23%
téléphonedenwa
23%
médecinisha
23%
étagekai
23%
entreprisekaisha
23%
employé d'une entreprisekaishain
23%
chaussurekutsu
23%
maisonuchi
23%
avocatbengoshi
19%
employé de gareékiin
19%
languego
19%
dictionnairejisho
19%
chaiseisu
15%
chanteur/acteurkashu
15%
c'est çasoodesu
15%
stylo à billeborupen
12%
sous-solchika
12%
enseignantkyoushi
12%
salle de courskyoushitsu
12%
quel étagenangai
12%
écrivainsa ka
12%
journalshinbun
12%
je voissoodesuka
12%
montretokei
12%
donnez moi ...wa kudasai
12%
montrez moi ...wa misete kudasai
12%
magazineza shi
12%
ingénieurénjinia
8%
crayon papierénpitsu
8%
employé de banqueginkouin
8%
journalistejuunarisoto
8%
chercheurkenkyuusha
8%
cahiernooto
8%
musicienongakuka
8%
homme politiqueseijika
8%
ce n'est pas çasooja arimasen
8%
vendeurténin
8%
cette directionchira
4%
cuisinierchourishi
4%
diplomategaikoukan
4%
peintregaka
4%
agent de policekeisatsukan
4%
architectekenchikuka
4%
fonctionnairekoumuin
4%
coiffeurriyoushi
4%
sportifsupa tsusenju
4%
tabletsukué
4%
chauffeuruntenshu
4%
postieryuupinkyokuin
0%

Distribution des résultats

Percentile par nombre de réponses

% des personnes avec chaque résultat

Votre développement - résultats

Vous n’avez pas pris ce quiz